| 000 | 00525nam a22001937a 4500 | ||
|---|---|---|---|
| 008 | 131008b xxu||||| |||| 00| 0 ger d | ||
| 020 | _a3815813395 | ||
| 041 | 0 | _ager | |
| 080 | _a004.45 | ||
| 100 | _aBär, Jürgen | ||
| 245 |
_aAccess 97 programmierung : _cJürgen Bär |
||
| 250 | _a1. Auflage | ||
| 260 |
_aDüsseldorf : _bData Becker ; _c1997 |
||
| 300 |
_a1162 f. : _bme il. ; _c24 cm. |
||
| 500 | _aIncludes index | ||
| 650 | _2Softuerë kompjuteri | ||
| 700 | 1 | _aBauder, Irene | |
| 942 |
_2udc _cBK |
||
| 999 |
_c46 _d46 |
||